| 000 | 00817nam a22001935i 4500 | ||
|---|---|---|---|
| 001 | 159531 | ||
| 003 | ES-MaACL | ||
| 005 | 20251015063141.0 | ||
| 008 | 990703s1864 sp |||| | spa d | ||
| 040 |
_aAR _bspa _cAR |
||
| 100 | 1 |
_aMestres, Salvador, _dm. 1879 _9129877 |
|
| 245 | 1 | 0 |
_aLecciones de lógica y de filosofía moral _b: dadas a los alumnos de esta asignatura en el Instituto de Segunda Enseñanza de Barcelona / _cpor el Dr. D. Salvador Mestres ... |
| 260 |
_aBarcelona : _b[s.n.], _c1864 ( _fImprenta de los herederos de la Viuda Pla) |
||
| 300 |
_a160 p. ; _c16 cm. |
||
| 650 | 4 |
_aLógica. _914693 |
|
| 650 | 7 |
_aÉtica _2embne _912577 |
|
| 852 |
_aES-MaACL _jT-1296-F-5 _z-- Enc. hol., conservando la enc. original _z-- Enc. en un vol. facticio _z.- Donat. Bosch |
||
| 999 |
_c159531 _d159531 |
||